|
|
|
|
| LEADER |
00584cam a2200193 7i4500 |
| 001 |
0000028003 |
| 005 |
20130215090000.0 |
| 020 |
0 |
0 |
|a 9781857436297
|
| 090 |
0 |
0 |
|a AM.N 330.9
|b UNI
|
| 245 |
0 |
0 |
|a The USA and Canada 2012.
|
| 250 |
0 |
0 |
|a 14th ed.
|
| 260 |
0 |
0 |
|a London:
|b Routledge,
|c 2012.
|
| 300 |
# |
# |
|a 660 p.
|
| 440 |
0 |
0 |
|a Europe regional surveys of the world
|
| 650 |
0 |
0 |
|a Canada --
|x Economic conditions
|
| 650 |
0 |
0 |
|a United States of America --
|x Economic conditions
|
| 651 |
0 |
0 |
|a United States of America
|
| 651 |
0 |
0 |
|a Canada
|
| 999 |
|
|
|a B000031230
|b Book
|c Countries
|e Business Information Centre
|